000 01055nam a22002057a 4500
003 OSt
005 20260123085014.0
008 230227b ||||| |||| 00| 0 eng d
040 _cOst
041 _ashan
082 _a294.34433
245 _aထမ်းဝႆႈၽြႃးၸဝ်ႈၵၢင်ၶမ်ႈၵၢင်ၼႂ်
_bဝတ်ႉၽထၢတ်ႈတွၼ်းႁိူင်းမိူင်းၽူင်း
_cၸဝ်ႈဝီႇရိယ မႁႃႇၶၼ်ႇတီႇ (ဝဵင်းမေႃႇလမႅင်ႇ) ၶပ်းၶိုင်-
260 _a[ဝဵင်း]
_b[တီႈ]
_c2002
300 _a40 ၼႃႈ
_c20 ၸိၼ်ႇထီႇ
500 _aပပ်ႉမၢႆ 1730 ၼႆႉတႄႉ ပဵၼ်ပပ်ႉၸဝ်ႈတႃႇၼႁၢင်းၶေႃ ပပ်ႉၶွင်တွၵ်ႉတိူဝ်ႇၸၢႆးဢွင်ႇထုၼ်း
500 _aS-SAT: Dr. Prof Sai Aung Tun
650 _aထမ်းဝႆႈၽြႃး
_920673
942 _cBK
942 _2ddc
999 _c22556
_d22556